Les gardiens titulaires en ligue 1 depuis 2000 - Statistiques

Statistiques générales
  • Ce quiz a été pris 92 fois
  • Le résultat moyen est 244 sur 489
Statistiques - réponses
Club Saison Nationalité Nom % Correct
Paris Saint-Germain 2022-2023 Italie Gianluigi Donnarumma
95%
Paris Saint-Germain 2023-2024 Italie Gianluigi Donnarumma
95%
Paris Saint-Germain 2024-2025 Italie Gianluigi Donnarumma
95%
Paris Saint-Germain 2011-2012 Italie Salvatore Sirigu
93%
Paris Saint-Germain 2012-2013 Italie Salvatore Sirigu
93%
Paris Saint-Germain 2013-2014 Italie Salvatore Sirigu
93%
Paris Saint-Germain 2014-2015 Italie Salvatore Sirigu
93%
FC Nantes 2024-2025 Portugal Anthony Lopes
92%
Olympique Lyonnais 2013-2014 Portugal Anthony Lopes
92%
Olympique Lyonnais 2014-2015 Portugal Anthony Lopes
92%
Olympique Lyonnais 2015-2016 Portugal Anthony Lopes
92%
Olympique Lyonnais 2016-2017 Portugal Anthony Lopes
92%
Olympique Lyonnais 2017-2018 Portugal Anthony Lopes
92%
Olympique Lyonnais 2018-2019 Portugal Anthony Lopes
92%
Olympique Lyonnais 2019-2020 Portugal Anthony Lopes
92%
Olympique Lyonnais 2020-2021 Portugal Anthony Lopes
92%
Olympique Lyonnais 2021-2022 Portugal Anthony Lopes
92%
Olympique Lyonnais 2022-2023 Portugal Anthony Lopes
92%
Olympique Lyonnais 2023-2024 Portugal Anthony Lopes
92%
Olympique de Marseille 2007-2008 France Steve Mandanda
92%
Olympique de Marseille 2008-2009 France Steve Mandanda
92%
Olympique de Marseille 2009-2010 France Steve Mandanda
92%
Olympique de Marseille 2010-2011 France Steve Mandanda
92%
Olympique de Marseille 2011-2012 France Steve Mandanda
92%
Olympique de Marseille 2012-2013 France Steve Mandanda
92%
Olympique de Marseille 2013-2014 France Steve Mandanda
92%
Olympique de Marseille 2014-2015 France Steve Mandanda
92%
Olympique de Marseille 2015-2016 France Steve Mandanda
92%
Olympique de Marseille 2017-2018 France Steve Mandanda
92%
Olympique de Marseille 2018-2019 France Steve Mandanda
92%
Olympique de Marseille 2019-2020 France Steve Mandanda
92%
Olympique de Marseille 2020-2021 France Steve Mandanda
92%
Stade Rennais 2022-2023 France Steve Mandanda
92%
Stade Rennais 2023-2024 France Steve Mandanda
92%
Paris Saint-Germain 2015-2016 Allemagne Kevin Trapp
91%
Paris Saint-Germain 2016-2017 Allemagne Kevin Trapp
91%
FC Nantes 2000-2001 France Mickaël Landreau
91%
FC Nantes 2001-2002 France Mickaël Landreau
91%
FC Nantes 2002-2003 France Mickaël Landreau
91%
FC Nantes 2003-2004 France Mickaël Landreau
91%
FC Nantes 2004-2005 France Mickaël Landreau
91%
FC Nantes 2005-2006 France Mickaël Landreau
91%
Lille OSC 2009-2010 France Mickaël Landreau
91%
Lille OSC 2010-2011 France Mickaël Landreau
91%
Lille OSC 2011-2012 France Mickaël Landreau
91%
Paris Saint-Germain 2006-2007 France Mickaël Landreau
91%
Paris Saint-Germain 2007-2008 France Mickaël Landreau
91%
Paris Saint-Germain 2008-2009 France Mickaël Landreau
91%
SC Bastia 2012-2013 France Mickaël Landreau
91%
SC Bastia 2013-2014 France Mickaël Landreau
91%
AS Monaco 2008-2009 France Stéphane Ruffier
89%
AS Monaco 2009-2010 France Stéphane Ruffier
89%
AS Monaco 2010-2011 France Stéphane Ruffier
89%
AS Saint-Etienne 2011-2012 France Stéphane Ruffier
89%
AS Saint-Etienne 2012-2013 France Stéphane Ruffier
89%
AS Saint-Etienne 2013-2014 France Stéphane Ruffier
89%
AS Saint-Etienne 2014-2015 France Stéphane Ruffier
89%
AS Saint-Etienne 2015-2016 France Stéphane Ruffier
89%
AS Saint-Etienne 2016-2017 France Stéphane Ruffier
89%
AS Saint-Etienne 2017-2018 France Stéphane Ruffier
89%
AS Saint-Etienne 2018-2019 France Stéphane Ruffier
89%
AS Saint-Etienne 2019-2020 France Stéphane Ruffier
89%
Paris Saint-Germain 2017-2018 France Alphonse Areola
88%
Paris Saint-Germain 2018-2019 France Alphonse Areola
88%
SC Bastia 2014-2015 France Alphonse Areola
88%
AS Monaco 2013-2014 Croatie Danijel Subasic
88%
AS Monaco 2014-2015 Croatie Danijel Subasic
88%
AS Monaco 2015-2016 Croatie Danijel Subasic
88%
AS Monaco 2016-2017 Croatie Danijel Subasic
88%
AS Monaco 2017-2018 Croatie Danijel Subasic
88%
Paris Saint-Germain 2019-2020 Costa Rica Keylor Navas
88%
Paris Saint-Germain 2020-2021 Costa Rica Keylor Navas
88%
Paris Saint-Germain 2021-2022 Costa Rica Keylor Navas
88%
Olympique Lyonnais 2000-2001 France Grégory Coupet
87%
Olympique Lyonnais 2001-2002 France Grégory Coupet
87%
Olympique Lyonnais 2002-2003 France Grégory Coupet
87%
Olympique Lyonnais 2003-2004 France Grégory Coupet
87%
Olympique Lyonnais 2004-2005 France Grégory Coupet
87%
Olympique Lyonnais 2005-2006 France Grégory Coupet
87%
Olympique Lyonnais 2006-2007 France Grégory Coupet
87%
Olympique Lyonnais 2007-2008 France Grégory Coupet
87%
Lille OSC 2022-2023 France Lucas Chevalier
86%
Lille OSC 2023-2024 France Lucas Chevalier
86%
Lille OSC 2024-2025 France Lucas Chevalier
86%
FC Nantes 2006-2007 France Fabien Barthez
84%
Olympique de Marseille 2003-2004 France Fabien Barthez
84%
Olympique de Marseille 2004-2005 France Fabien Barthez
84%
Olympique de Marseille 2005-2006 France Fabien Barthez
84%
RC Lens 2022-2023 France Brice Samba
83%
RC Lens 2023-2024 France Brice Samba
83%
RC Lens 2024-2025 France Brice Samba
83%
Stade Malherbe Caen 2018-2019 France Brice Samba
83%
Stade Rennais 2024-2025 France Brice Samba
83%
Olympique de Marseille 2021-2022 Espagne Pau Lopez
83%
Olympique de Marseille 2022-2023 Espagne Pau Lopez
83%
Olympique de Marseille 2023-2024 Espagne Pau Lopez
83%
FC Girondins de Bordeaux 2009-2010 France Cédric Carrasso
82%
FC Girondins de Bordeaux 2010-2011 France Cédric Carrasso
82%
FC Girondins de Bordeaux 2011-2012 France Cédric Carrasso
82%
FC Girondins de Bordeaux 2012-2013 France Cédric Carrasso
82%
FC Girondins de Bordeaux 2013-2014 France Cédric Carrasso
82%
FC Girondins de Bordeaux 2014-2015 France Cédric Carrasso
82%
FC Girondins de Bordeaux 2015-2016 France Cédric Carrasso
82%
FC Girondins de Bordeaux 2016-2017 France Cédric Carrasso
82%
Olympique de Marseille 2006-2007 France Cédric Carrasso
82%
Toulouse FC 2008-2009 France Cédric Carrasso
82%
Montpellier Hérault SC 2019-2020 Argentine Geronimo Rulli
82%
Olympique de Marseille 2024-2025 Argentine Geronimo Rulli
82%
OGC Nice 2006-2007 France Hugo Lloris
82%
OGC Nice 2007-2008 France Hugo Lloris
82%
Olympique Lyonnais 2008-2009 France Hugo Lloris
82%
Olympique Lyonnais 2009-2010 France Hugo Lloris
82%
Olympique Lyonnais 2010-2011 France Hugo Lloris
82%
Olympique Lyonnais 2011-2012 France Hugo Lloris
82%
FC Metz 2014-2015 France Johann Carrasso
82%
Lille OSC 2017-2018 France Mike Maignan
80%
Lille OSC 2018-2019 France Mike Maignan
80%
Lille OSC 2019-2020 France Mike Maignan
80%
Lille OSC 2020-2021 France Mike Maignan
80%
AJ Auxerre 2022-2023 France Benoit Costil
79%
FC Girondins de Bordeaux 2017-2018 France Benoît Costil
79%
FC Girondins de Bordeaux 2018-2019 France Benoît Costil
79%
FC Girondins de Bordeaux 2019-2020 France Benoît Costil
79%
FC Girondins de Bordeaux 2020-2021 France Benoît Costil
79%
FC Girondins de Bordeaux 2021-2022 France Benoît Costil
79%
Stade Rennais 2011-2012 France Benoît Costil
79%
Stade Rennais 2012-2013 France Benoît Costil
79%
Stade Rennais 2013-2014 France Benoît Costil
79%
Stade Rennais 2014-2015 France Benoît Costil
79%
Stade Rennais 2015-2016 France Benoît Costil
79%
Stade Rennais 2016-2017 France Benoît Costil
79%
AC Ajaccio 2011-2012 Mexique Guillermo Ochoa
78%
AC Ajaccio 2012-2013 Mexique Guillermo Ochoa
78%
AC Ajaccio 2013-2014 Mexique Guillermo Ochoa
78%
AS Monaco 2019-2020 France Benjamin Lecomte
75%
AS Monaco 2020-2021 France Benjamin Lecomte
75%
FC Lorient 2014-2015 France Benjamin Lecomte
75%
FC Lorient 2015-2016 France Benjamin Lecomte
75%
FC Lorient 2016-2017 France Benjamin Lecomte
75%
Montpellier Hérault SC 2017-2018 France Benjamin Lecomte
75%
Montpellier Hérault SC 2018-2019 France Benjamin Lecomte
75%
Montpellier Hérault SC 2022-2023 France Benjamin Lecomte
75%
Montpellier Hérault SC 2023-2024 France Benjamin Lecomte
75%
Montpellier Hérault SC 2024-2025 France Benjamin Lecomte
75%
FC Nantes 2019-2020 France Alban Lafont
74%
FC Nantes 2020-2021 France Alban Lafont
74%
FC Nantes 2021-2022 France Alban Lafont
74%
FC Nantes 2022-2023 France Alban Lafont
74%
FC Nantes 2023-2024 France Alban Lafont
74%
Toulouse FC 2015-2016 France Alban Lafont
74%
Toulouse FC 2016-2017 France Alban Lafont
74%
Toulouse FC 2017-2018 France Alban Lafont
74%
Montpellier Hérault SC 2009-2010 France Geoffrey Jourdren
70%
Montpellier Hérault SC 2010-2011 France Geoffrey Jourdren
70%
Montpellier Hérault SC 2011-2012 France Geoffrey Jourdren
70%
Montpellier Hérault SC 2012-2013 France Geoffrey Jourdren
70%
Montpellier Hérault SC 2013-2014 France Geoffrey Jourdren
70%
Montpellier Hérault SC 2014-2015 France Geoffrey Jourdren
70%
Stade Rennais 2002-2003 République Tchèque Petr Cech
70%
Stade Rennais 2003-2004 République Tchèque Petr Cech
70%
Stade de Reims 2018-2019 Sénégal Édouard Mendy
68%
Stade Rennais 2019-2020 Sénégal Édouard Mendy
68%
Lille OSC 2013-2014 Nigéria Vincent Enyeama
66%
Lille OSC 2014-2015 Nigéria Vincent Enyeama
66%
Lille OSC 2015-2016 Nigéria Vincent Enyeama
66%
Lille OSC 2016-2017 Nigéria Vincent Enyeama
66%
Le Mans UC 72 2005-2006 France Yohann Pelé
66%
Le Mans UC 72 2006-2007 France Yohann Pelé
66%
Le Mans UC 72 2007-2008 France Yohann Pelé
66%
Le Mans UC 72 2008-2009 France Yohann Pelé
66%
Olympique de Marseille 2016-2017 France Yohann Pelé
66%
Toulouse FC 2009-2010 France Yohann Pelé
66%
Olympique Lyonnais 2024-2025 Brésil Lucas Perri
63%
Olympique Lyonnais 2012-2013 France Rémy Vercoutre
63%
Stade Malherbe Caen 2014-2015 France Rémy Vercoutre
63%
Stade Malherbe Caen 2015-2016 France Rémy Vercoutre
63%
Stade Malherbe Caen 2016-2017 France Rémy Vercoutre
63%
Stade Malherbe Caen 2017-2018 France Rémy Vercoutre
63%
Toulouse FC 2023-2024 France Guillaume Restes
59%
Toulouse FC 2024-2025 France Guillaume Restes
59%
FC Girondins de Bordeaux 2000-2001 France Ulrich Ramé
59%
FC Girondins de Bordeaux 2001-2002 France Ulrich Ramé
59%
FC Girondins de Bordeaux 2002-2003 France Ulrich Ramé
59%
FC Girondins de Bordeaux 2003-2004 France Ulrich Ramé
59%
FC Girondins de Bordeaux 2004-2005 France Ulrich Ramé
59%
FC Girondins de Bordeaux 2005-2006 France Ulrich Ramé
59%
FC Girondins de Bordeaux 2006-2007 France Ulrich Ramé
59%
FC Girondins de Bordeaux 2007-2008 France Ulrich Ramé
59%
FC Girondins de Bordeaux 2008-2009 France Ulrich Ramé
59%
OGC Nice 2008-2009 Colombie David Ospina
58%
OGC Nice 2009-2010 Colombie David Ospina
58%
OGC Nice 2010-2011 Colombie David Ospina
58%
OGC Nice 2011-2012 Colombie David Ospina
58%
OGC Nice 2012-2013 Colombie David Ospina
58%
OGC Nice 2013-2014 Colombie David Ospina
58%
OGC Nice 2017-2018 Argentine Walter Benitez
58%
OGC Nice 2018-2019 Argentine Walter Benitez
58%
OGC Nice 2019-2020 Argentine Walter Benitez
58%
OGC Nice 2020-2021 Argentine Walter Benitez
58%
OGC Nice 2021-2022 Argentine Walter Benitez
58%
OGC Nice 2023-2024 Pologne Marcin Bulka
57%
OGC Nice 2024-2025 Pologne Marcin Bulka
57%
RC Strasbourg Alsace 2018-2019 Belgique Matz Sels
57%
RC Strasbourg Alsace 2019-2020 Belgique Matz Sels
57%
RC Strasbourg Alsace 2021-2022 Belgique Matz Sels
57%
RC Strasbourg Alsace 2022-2023 Belgique Matz Sels
57%
RC Strasbourg Alsace 2023-2024 Belgique Matz Sels
57%
FC Nantes 2017-2018 Roumanie Ciprian Tătărușanu
55%
FC Nantes 2018-2019 Roumanie Ciprian Tătărușanu
55%
AS Saint-Etienne 2024-2025 France Gautier Larsonneur
53%
Stade Brestois 29 2019-2020 France Gautier Larsonneur
53%
Stade Brestois 29 2020-2021 France Gautier Larsonneur
53%
OGC Nice 2022-2023 Danemark Kasper Schmeichel
53%
Paris Saint-Germain 2009-2010 Arménie Apoula Edel
51%
Paris Saint-Germain 2010-2011 Arménie Apoula Edel
51%
RC Lens 2020-2021 France Jean-Louis Leca
50%
RC Lens 2021-2022 France Jean-Louis Leca
50%
SC Bastia 2015-2016 France Jean-Louis Leca
50%
SC Bastia 2016-2017 France Jean-Louis Leca
50%
AS Saint-Etienne 2004-2005 France Jérémie Janot
50%
AS Saint-Etienne 2005-2006 France Jérémie Janot
50%
AS Saint-Etienne 2006-2007 France Jérémie Janot
50%
AS Saint-Etienne 2007-2008 France Jérémie Janot
50%
AS Saint-Etienne 2008-2009 France Jérémie Janot
50%
AS Saint-Etienne 2009-2010 France Jérémie Janot
50%
AS Saint-Etienne 2010-2011 France Jérémie Janot
50%
Stade de Reims 2022-2023 Sénégal Yehvann Diouf
50%
Stade de Reims 2023-2024 Sénégal Yehvann Diouf
50%
Stade de Reims 2024-2025 Sénégal Yehvann Diouf
50%
Stade Rennais 2000-2001 France Bernard Lama
49%
Paris Saint-Germain 2000-2001 France Lionel Létizi
49%
Paris Saint-Germain 2001-2002 France Lionel Létizi
49%
Paris Saint-Germain 2002-2003 France Lionel Létizi
49%
Paris Saint-Germain 2004-2005 France Lionel Létizi
49%
Paris Saint-Germain 2005-2006 France Lionel Létizi
49%
Stade Brestois 29 2021-2022 Pays-Bas Marco Bizot
49%
Stade Brestois 29 2022-2023 Pays-Bas Marco Bizot
49%
Stade Brestois 29 2023-2024 Pays-Bas Marco Bizot
49%
Stade Brestois 29 2024-2025 Pays-Bas Marco Bizot
49%
AJ Auxerre 2007-2008 France Rémy Riou
49%
AJ Auxerre 2008-2009 France Rémy Riou
49%
FC Lorient 2006-2007 France Rémy Riou
49%
FC Nantes 2013-2014 France Rémy Riou
49%
FC Nantes 2014-2015 France Rémy Riou
49%
FC Nantes 2015-2016 France Rémy Riou
49%
FC Nantes 2016-2017 France Rémy Riou
49%
FC Istres Ouest Provence 2004-2005 France Rudy Riou
49%
Montpellier Hérault SC 2001-2002 France Rudy Riou
49%
Montpellier Hérault SC 2002-2003 France Rudy Riou
49%
Montpellier Hérault SC 2003-2004 France Rudy Riou
49%
RC Lens 2014-2015 France Rudy Riou
49%
FC Metz 2019-2020 Algérie Alexandre Oukidja
46%
FC Metz 2021-2022 Algérie Alexandre Oukidja
46%
FC Metz 2023-2024 Algérie Alexandre Oukidja
46%
AS Monaco 2001-2002 Italie Flavio Roma
46%
AS Monaco 2002-2003 Italie Flavio Roma
46%
AS Monaco 2003-2004 Italie Flavio Roma
46%
AS Monaco 2004-2005 Italie Flavio Roma
46%
AS Monaco 2006-2007 Italie Flavio Roma
46%
AS Monaco 2007-2008 Italie Flavio Roma
46%
AS Monaco 2021-2022 Allemagne Alexander Nübel
45%
AS Monaco 2022-2023 Allemagne Alexander Nübel
45%
AS Monaco 2023-2024 Suisse Philipp Köhn
43%
AS Monaco 2024-2025 Suisse Philipp Köhn
43%
AJ Auxerre 2024-2025 Guyane française Donovan Léon
42%
FC Sochaux-Montbéliard 2002-2003 France Teddy Richert
42%
FC Sochaux-Montbéliard 2003-2004 France Teddy Richert
42%
FC Sochaux-Montbéliard 2004-2005 France Teddy Richert
42%
FC Sochaux-Montbéliard 2005-2006 France Teddy Richert
42%
FC Sochaux-Montbéliard 2006-2007 France Teddy Richert
42%
FC Sochaux-Montbéliard 2007-2008 France Teddy Richert
42%
FC Sochaux-Montbéliard 2008-2009 France Teddy Richert
42%
FC Sochaux-Montbéliard 2009-2010 France Teddy Richert
42%
FC Sochaux-Montbéliard 2010-2011 France Teddy Richert
42%
FC Sochaux-Montbéliard 2011-2012 France Teddy Richert
42%
Olympique de Marseille 2001-2002 Croatie Vedran Runje
42%
Olympique de Marseille 2002-2003 Croatie Vedran Runje
42%
RC Lens 2007-2008 Croatie Vedran Runje
42%
RC Lens 2009-2010 Croatie Vedran Runje
42%
RC Lens 2010-2011 Croatie Vedran Runje
42%
Stade Rennais 2008-2009 France Nicolas Douchez
41%
Stade Rennais 2009-2010 France Nicolas Douchez
41%
Stade Rennais 2010-2011 France Nicolas Douchez
41%
Toulouse FC 2006-2007 France Nicolas Douchez
41%
Toulouse FC 2007-2008 France Nicolas Douchez
41%
Toulouse FC 2011-2012 Comores Ali Ahamada
39%
Toulouse FC 2012-2013 Comores Ali Ahamada
39%
Toulouse FC 2013-2014 Comores Ali Ahamada
39%
Toulouse FC 2014-2015 Comores Ali Ahamada
39%
RC Strasbourg Alsace 2024-2025 Serbie Djordje Petrovic
39%
Angers SCO 2020-2021 France Paul Bernardoni
39%
Angers SCO 2022-2023 France Paul Bernardoni
39%
AS Saint-Etienne 2021-2022 France Paul Bernardoni
39%
Nîmes Olympique 2018-2019 France Paul Bernardoni
39%
Nîmes Olympique 2019-2020 France Paul Bernardoni
39%
Amiens SC 2017-2018 France Régis Gurtner
39%
Amiens SC 2018-2019 France Régis Gurtner
39%
Amiens SC 2019-2020 France Régis Gurtner
39%
Angers SCO 2024-2025 Côte d'Ivoire Yahia Fofana
38%
Dijon FCO 2011-2012 France Baptiste Reynet
37%
Dijon FCO 2016-2017 France Baptiste Reynet
37%
Dijon FCO 2017-2018 France Baptiste Reynet
37%
Nîmes Olympique 2020-2021 France Baptiste Reynet
37%
Toulouse FC 2018-2019 France Baptiste Reynet
37%
Toulouse FC 2019-2020 France Baptiste Reynet
37%
FC Nantes 2008-2009 France Jérome Alonzo
36%
Paris Saint-Germain 2003-2004 France Jérôme Alonzo
36%
Clermont Foot 63 2022-2023 Sénégal Mory Diaw
33%
Clermont Foot 63 2023-2024 Sénégal Mory Diaw
33%
Dijon FCO 2019-2020 Sénégal Alfred Gomis
32%
Stade Rennais 2020-2021 Sénégal Alfred Gomis
32%
Stade Rennais 2021-2022 Sénégal Alfred Gomis
32%
FC Lorient 2022-2023 Suisse Yvon Mvogo
32%
FC Lorient 2023-2024 Suisse Yvon Mvogo
32%
RC Strasbourg Alsace 2000-2001 Paraguay José Luis Chilavert
30%
SC Bastia 2001-2002 France Nicolas Penneteau
30%
SC Bastia 2002-2003 France Nicolas Penneteau
30%
SC Bastia 2003-2004 France Nicolas Penneteau
30%
SC Bastia 2004-2005 France Nicolas Penneteau
30%
Valenciennes FC 2006-2007 France Nicolas Penneteau
30%
Valenciennes FC 2007-2008 France Nicolas Penneteau
30%
Valenciennes FC 2008-2009 France Nicolas Penneteau
30%
Valenciennes FC 2009-2010 France Nicolas Penneteau
30%
Valenciennes FC 2010-2011 France Nicolas Penneteau
30%
Valenciennes FC 2011-2012 France Nicolas Penneteau
30%
Valenciennes FC 2012-2013 France Nicolas Penneteau
30%
Stade de Reims 2019-2020 Serbie Predrag Rajković
30%
Stade de Reims 2020-2021 Serbie Predrag Rajković
30%
Stade de Reims 2021-2022 Serbie Predrag Rajković
30%
Lille OSC 2012-2013 Martinique Steeve Elana
30%
Stade Brestois 29 2010-2011 Martinique Steeve Elana
30%
Stade Brestois 29 2011-2012 Martinique Steeve Elana
30%
Stade Rennais 2017-2018 République Tchèque Tomas Koubek
30%
Stade Rennais 2018-2019 République Tchèque Tomas Koubek
30%
Stade Rennais 2004-2005 Suède Andreas Isaksson
29%
Stade Rennais 2005-2006 Suède Andreas Isaksson
29%
AJ Auxerre 2000-2001 France Fabien Cool
29%
AJ Auxerre 2001-2002 France Fabien Cool
29%
AJ Auxerre 2002-2003 France Fabien Cool
29%
AJ Auxerre 2004-2005 France Fabien Cool
29%
AJ Auxerre 2003-2004 France Fabien Cool
29%
AJ Auxerre 2005-2006 France Fabien Cool
29%
FC Metz 2017-2018 Japon Eiji Kawashima
28%
RC Strasbourg Alsace 2020-2021 Japon Eiji Kawashima
28%
FC Lorient 2007-2008 France Fabien Audard
28%
FC Lorient 2008-2009 France Fabien Audard
28%
FC Lorient 2009-2010 France Fabien Audard
28%
FC Lorient 2010-2011 France Fabien Audard
28%
FC Lorient 2011-2012 France Fabien Audard
28%
FC Lorient 2012-2013 France Fabien Audard
28%
FC Lorient 2013-2014 France Fabien Audard
28%
Angers SCO 2015-2016 France Ludovic Butelle
28%
Angers SCO 2017-2018 France Ludovic Butelle
28%
Angers SCO 2018-2019 France Ludovic Butelle
28%
Angers SCO 2019-2020 France Ludovic Butelle
28%
FC Metz 2003-2004 France Ludovic Butelle
28%
OGC Nice 2015-2016 France Yoan Cardinale
28%
OGC Nice 2016-2017 France Yoan Cardinale
28%
Le Havre AC 2008-2009 France Christophe Revault
26%
Toulouse FC 2000-2001 France Christophe Revault
26%
Toulouse FC 2003-2004 France Christophe Revault
26%
Toulouse FC 2004-2005 France Christophe Revault
26%
Toulouse FC 2005-2006 France Christophe Revault
26%
AC Ajaccio 2004-2005 France Stéphane Porato
26%
AC Ajaccio 2005-2006 France Stéphane Porato
26%
AS Monaco 2000-2001 France Stéphane Porato
26%
Le Havre AC 2023-2024 France Arthur Desmas
25%
Le Havre AC 2024-2025 France Arthur Desmas
25%
RC Lens 2002-2003 Cameroun Charles Itandje
25%
RC Lens 2004-2005 Cameroun Charles Itandje
25%
RC Lens 2005-2006 Cameroun Charles Itandje
25%
RC Lens 2006-2007 Cameroun Charles Itandje
25%
AS Saint-Etienne 2020-2021 France Jessy Moulin
25%
Montpellier Hérault SC 2020-2021 Suisse Jonas Omlin
25%
Montpellier Hérault SC 2021-2022 Suisse Jonas Omlin
25%
FC Metz 2004-2005 France Grégory Wimbée
24%
FC Metz 2005-2006 France Grégory Wimbée
24%
Grenoble Foot 38 2008-2009 France Grégory Wimbée
24%
Lille OSC 2000-2001 France Grégory Wimbée
24%
Lille OSC 2001-2002 France Grégory Wimbée
24%
Lille OSC 2002-2003 France Grégory Wimbée
24%
Lille OSC 2003-2004 France Grégory Wimbée
24%
AS Monaco 2005-2006 France Guillaume Warmuz
21%
RC Lens 2000-2001 France Guillaume Warmuz
21%
RC Lens 2001-2002 France Guillaume Warmuz
21%
EA Guingamp 2014-2015 Danemark Jonas Lössl
21%
EA Guingamp 2015-2016 Danemark Jonas Lössl
21%
EA Guingamp 2016-2017 Suède Karl-Johan Johnsson
21%
EA Guingamp 2017-2018 Suède Karl-Johan Johnsson
21%
Lille OSC 2004-2005 Sénégal Tony Sylva
21%
Lille OSC 2005-2006 Sénégal Tony Sylva
21%
Lille OSC 2006-2007 Sénégal Tony Sylva
21%
Lille OSC 2007-2008 Sénégal Tony Sylva
21%
AS Nancy-Lorraine 2006-2007 France Damien Grégorini
20%
AS Nancy-Lorraine 2010-2011 France Damien Grégorini
20%
AS Nancy-Lorraine 2012-2013 France Damien Grégorini
20%
OGC Nice 2002-2003 France Damien Grégorini
20%
OGC Nice 2003-2004 France Damien Grégorini
20%
OGC Nice 2004-2005 France Damien Grégorini
20%
OGC Nice 2005-2006 France Damien Grégorini
20%
AS Nancy-Lorraine 2005-2006 France Gennaro Bracigliano
20%
AS Nancy-Lorraine 2007-2008 France Gennaro Bracigliano
20%
AS Nancy-Lorraine 2008-2009 France Gennaro Bracigliano
20%
AS Nancy-Lorraine 2009-2010 France Gennaro Bracigliano
20%
AS Nancy-Lorraine 2011-2012 Cameroun Guy Ndy Assembé
20%
AS Nancy-Lorraine 2016-2017 Cameroun Guy Ndy Assembé
20%
Lille OSC 2021-2022 Croatie Ivo Grbic
20%
Stade de Reims 2014-2015 Haïti Johny Placide
20%
Stade de Reims 2015-2016 Haïti Johny Placide
20%
AJ Auxerre 2006-2007 France Olivier Sorin
20%
AJ Auxerre 2009-2010 France Olivier Sorin
20%
AJ Auxerre 2010-2011 France Olivier Sorin
20%
AJ Auxerre 2011-2012 France Olivier Sorin
20%
Stade de Reims 2012-2013 Togo Kossi Agassa
18%
Stade de Reims 2013-2014 Togo Kossi Agassa
18%
EA Guingamp 2013-2014 Mali Mamadou Samassa
18%
ESTAC Troyes 2017-2018 Mali Mamadou Samassa
18%
AS Monaco 2018-2019 Suisse Diego Benaglio
17%
OGC Nice 2014-2015 Tunisie Mouez Hassen
17%
RC Strasbourg Alsace 2017-2018 Sénégal Bingourou Kamara
16%
Montpellier Hérault SC 2015-2016 France Laurent Pionnier
16%
Montpellier Hérault SC 2016-2017 France Laurent Pionnier
16%
FC Lorient 2020-2021 France Paul Nardi
16%
FC Lorient 2021-2022 France Paul Nardi
16%
Dijon FCO 2018-2019 Islande Rúnar Alex Rúnarsson
16%
FC Sochaux-Montbéliard 2012-2013 France Simon Pouplin
16%
FC Sochaux-Montbéliard 2013-2014 France Simon Pouplin
16%
Stade Rennais 2006-2007 France Simon Pouplin
16%
EA Guingamp 2002-2003 France Ronan Le Crom
14%
EA Guingamp 2003-2004 France Ronan Le Crom
14%
ESTAC Troyes 2005-2006 France Ronan Le Crom
14%
ESTAC Troyes 2006-2007 France Ronan Le Crom
14%
FC Évian Thonon Gaillard 2012-2013 France Bertrand Laquait
13%
Angers SCO 2021-2022 Monténégro Danijel Petkovic
13%
Toulouse FC 2022-2023 France Maxime Dupé
13%
RC Strasbourg Alsace 2004-2005 France Stéphane Cassard
13%
RC Strasbourg Alsace 2005-2006 France Stéphane Cassard
13%
RC Strasbourg Alsace 2007-2008 France Stéphane Cassard
13%
ESTAC Troyes 2012-2013 Guadeloupe Yohann Thuram
13%
AC Ajaccio 2022-2023 France Benjamin Leroy
12%
FC Évian Thonon Gaillard 2014-2015 France Benjamin Leroy
12%
ESTAC Troyes 2021-2022 France Gauthier Gallon
12%
ESTAC Troyes 2022-2023 France Gauthier Gallon
12%
ESTAC Troyes 2000-2001 France Tony Heurtebis
12%
ESTAC Troyes 2001-2002 France Tony Heurtebis
12%
ESTAC Troyes 2002-2003 France Tony Heurtebis
12%
FC Metz 2000-2001 Colombie Faryd Mondragón
11%
Lille OSC 2008-2009 France Grégory Malicki
11%
Toulouse FC 2010-2011 France Mathieu Valverde
9%
AC Ajaccio 2002-2003 France Stéphane Trévisan
9%
AC Ajaccio 2003-2004 France Stéphane Trévisan
9%
Olympique de Marseille 2000-2001 France Stéphane Trévisan
9%
Stade Malherbe Caen 2004-2005 France Vincent Planté
9%
Stade Malherbe Caen 2007-2008 France Vincent Planté
9%
Stade Malherbe Caen 2008-2009 France Vincent Planté
9%
Stade Brestois 29 2012-2013 France Alexis Thébaux
8%
Stade Malherbe Caen 2010-2011 France Alexis Thébaux
8%
Stade Malherbe Caen 2011-2012 France Alexis Thébaux
8%
FC Metz 2007-2008 France Christophe Marichez
8%
SC Bastia 2000-2001 France Éric Durand
8%
Stade Rennais 2001-2002 France Éric Durand
8%
FC Metz 2001-2002 Cameroun Jacques Songo'o
8%
Grenoble Foot 38 2009-2010 France Jody Viviani
8%
EA Guingamp 2018-2019 France Marc-Aurèle Caillard
8%
Angers SCO 2016-2017 France Mathieu Michel
8%
CS Sedan-Ardennes 2001-2002 France Patrick Regnault
8%
CS Sedan-Ardennes 2002-2003 France Patrick Regnault
8%
CS Sedan-Ardennes 2006-2007 France Patrick Regnault
8%
Dijon FCO 2020-2021 Suisse Anthony Racioppi
7%
AC Arles-Avignon 2010-2011 France Cyrille Merville
7%
Le Mans UC 72 2009-2010 Gabon Didier Ovono
7%
FC Évian Thonon Gaillard 2013-2014 Danemark Jesper Hansen
7%
ESTAC Troyes 2015-2016 France Matthieu Dreyer
7%
CS Sedan-Ardennes 2000-2001 France Nicolas Sachy
7%
FC Évian Thonon Gaillard 2011-2012 Danemark Stephan Andersen
7%
GFC Ajaccio 2015-2016 France Clément Maury
5%
Clermont Foot 63 2021-2022 Guinée-Bissau Ouparine Djoco
5%
Stade Rennais 2007-2008 France Patrice Luzi
5%
RC Strasbourg Alsace 2003-2004 France Richard Dutruel
5%
FC Metz 2016-2017 France Thomas Didillon
5%
FC Sochaux-Montbéliard 2001-2002 France Vincent Fernandez
5%
RC Strasbourg Alsace 2002-2003 France Vincent Fernandez
5%
Le Mans UC 72 2003-2004 France Jean-François Bédénik
4%
US Boulogne 2009-2010 France Jean-François Bédénik
4%
Le Havre AC 2002-2003 Slovaquie Alexander Vencel
3%
EA Guingamp 2000-2001 France Eric Loussouarn
3%
EA Guingamp 2001-2002 France Eric Loussouarn
3%
FC Lorient 2001-2002 France Stéphane Le Garrec
3%
AS Saint-Etienne 2000-2001 Ukraine Maksym Levitsky
0%
Aucun quiz correspondant
Distribution des résultats
% des personnes avec chaque résultat
Percentile par nombre de réponses
Votre historique - résultats
Vous n’avez pas pris ce quiz